Fundamentals of hydraulic engineering systems / (Record no. 17707)
[ view plain ]
| 000 -LEADER | |
|---|---|
| fixed length control field | 01025pam a2200301 a 4500 |
| 001 - CONTROL NUMBER | |
| control field | 015392149 |
| 003 - CONTROL NUMBER IDENTIFIER | |
| control field | OSt |
| 005 - DATE AND TIME OF LATEST TRANSACTION | |
| control field | 20161106145554.0 |
| 008 - FIXED-LENGTH DATA ELEMENTS--GENERAL INFORMATION | |
| fixed length control field | 091012s2010 njua b 001 0 eng d |
| 020 ## - INTERNATIONAL STANDARD BOOK NUMBER | |
| International Standard Book Number | 9780135070642 (pbk.) : |
| 020 ## - INTERNATIONAL STANDARD BOOK NUMBER | |
| International Standard Book Number | 0135070643 (pbk.) : |
| 040 ## - CATALOGING SOURCE | |
| Transcribing agency | t |
| 082 04 - DEWEY DECIMAL CLASSIFICATION NUMBER | |
| Classification number | 627 |
| Edition number | 22 |
| Item number | HOU |
| 100 1# - MAIN ENTRY--PERSONAL NAME | |
| 9 (RLIN) | 9296 |
| Personal name | Houghtalen, Robert J. |
| 245 10 - TITLE STATEMENT | |
| Title | Fundamentals of hydraulic engineering systems / |
| Statement of responsibility, etc | Robert J. Houghtalen. |
| 250 ## - EDITION STATEMENT | |
| Edition statement | 4th ed. ; international ed. / |
| 260 ## - PUBLICATION, DISTRIBUTION, ETC. (IMPRINT) | |
| Place of publication, distribution, etc | Upper Saddle River : |
| Name of publisher, distributor, etc | Pearson Education, |
| Date of publication, distribution, etc | c2010. |
| 300 ## - PHYSICAL DESCRIPTION | |
| Extent | 492 p. : |
| Other physical details | ill. ; |
| Dimensions | 24 cm. |
| 500 ## - GENERAL NOTE | |
| General note | Rev. ed. of Fundamentals of hydraulic engineering systems / Ned H.C. Hwang and Robert J. Houghtalen, 1996. |
| 500 ## - GENERAL NOTE | |
| General note | Formerly CIP. |
| Institution to which field applies | Uk |
| 504 ## - BIBLIOGRAPHY, ETC. NOTE | |
| Bibliography, etc | Includes bibliographical references and index. |
| 650 #0 - SUBJECT ADDED ENTRY--TOPICAL TERM | |
| Topical term or geographic name as entry element | Hydraulic engineering. |
| 9 (RLIN) | 34289 |
| 650 #0 - SUBJECT ADDED ENTRY--TOPICAL TERM | |
| Topical term or geographic name as entry element | Hydraulics. |
| 9 (RLIN) | 34290 |
| 653 ## - INDEX TERM--UNCONTROLLED | |
| Resource For college | |
| Arrived date list | October2013 |
| 700 1# - ADDED ENTRY--PERSONAL NAME | |
| Personal name | Hwang, Ned H. C. |
| 9 (RLIN) | 9293 |
| 700 1# - ADDED ENTRY--PERSONAL NAME | |
| Personal name | Akan, A. Osman. |
| 9 (RLIN) | 34291 |
| 942 ## - ADDED ENTRY ELEMENTS (KOHA) | |
| Source of classification or shelving scheme | Dewey Decimal Classification |
| Item type | Book - Borrowing |
| Call number prefix | 627 HOU |
| Withdrawn status | Item status | Source of classification or shelving scheme | Damaged status | Not for loan | Vendor | Home library | Current library | Shelving location | Date acquired | Source of acquisition | Total Checkouts | Full call number | Barcode | Date last seen | Koha item type | Total Renewals | Date last borrowed |
|---|---|---|---|---|---|---|---|---|---|---|---|---|---|---|---|---|---|
| Dewey Decimal Classification | Baccah | Central Library | Central Library | First floor | 29/10/2013 | 627 HOU | 000029502 | 15/07/2025 | NB - Book (Non borrowing) | ||||||||
| Dewey Decimal Classification | Baccah | Central Library | Central Library | First floor | 29/10/2013 | 6 | 627 HOU | 000029503 | 15/07/2025 | Book - Borrowing | 99 | 03/10/2019 | |||||
| Dewey Decimal Classification | Baccah | Central Library | Central Library | First floor | 29/10/2013 | 2 | 627 HOU | 000029504 | 15/07/2025 | Book - Borrowing | 30 | 10/10/2018 | |||||
| Dewey Decimal Classification | Baccah | Central Library | Central Library | First floor | 29/10/2013 | 2 | 627 HOU | 000029505 | 15/07/2025 | Book - Borrowing | 22 | 06/10/2018 | |||||
| Dewey Decimal Classification | Baccah | Central Library | Central Library | First floor | 29/10/2013 | 2 | 627 HOU | 000029506 | 15/07/2025 | Book - Borrowing | 14 | 30/10/2013 |